A popular account of discoveries at Nineveh /

Bibliographic Details
Main Author: Layard, Austen Henry, 1817-1894
Format: Book
Language:English
Published: London : J. Murray, 1851.
Series:Murray's reading for the rail.
Subjects:

MARC

Tag First Indicator Second Indicator Subfields
LEADER 00000cam a2200000 4500
001 in00000007200
005 20151005050055.0
008 770406s1851 enkaef 00110 eng
010 |a  05010141  
035 |a (OCoLC)02864086 
035 |9 AAA1677AM 
040 |a DLC  |c TWU  |d TXA  |d UtOrBLW 
049 |a TXAM  |c [A12561857] 
050 0 0 |a DS70  |b .L43 
100 1 |a Layard, Austen Henry,  |d 1817-1894. 
245 1 2 |a A popular account of discoveries at Nineveh /  |c by Austen Henry Layard ; abridged by him from his larger work. 
264 1 |a London :  |b J. Murray,  |c 1851. 
300 |a xxiii, 360 pages, 8 unnumbered pages of plates (some folded) :  |b illustrations, plans ;  |c 19 cm. 
336 |a text  |b txt  |2 rdacontent 
337 |a unmediated  |b n  |2 rdamedia 
338 |a volume  |b nc  |2 rdacarrier 
490 1 |a Murray's reading for the rail 
500 |a Abridgment of the author's "Nineveh and its remains." 
500 |a Includes index. 
651 0 |a Nineveh (Extinct city) 
830 0 |a Murray's reading for the rail. 
999 |a MARS 
999 f f |s 208f109d-5df7-3485-aa74-3ad6a78946b3  |i 8d19134e-370a-3298-aa17-0c5fd3f09712  |t 0 
952 f f |p noncirc  |a Texas A&M University  |b College Station  |c Sterling C. Evans Library  |d Bodrum (located in Turkey)  |t 0  |e DS70 .L43  |h Library of Congress classification  |i unmediated -- volume 
952 f f |p ric  |a Texas A&M University  |b Rellis Campus  |c Joint Library Facility  |d Remote Storage  |t 0  |e DS70 .L43  |h Library of Congress classification  |i unmediated -- volume  |m A14812561857 
998 f f |a DS70 .L43  |t 0  |l Remote Storage 
998 f f |a DS70 .L43  |t 0  |l Bodrum (located in Turkey)